000 00413nam a2200181Ia 4500
001 9788
005 20260306161744.0
008 260306t2010||||xx |||||||||||||| ||spa||
041 _aESP
082 _a461
_bD45
100 _aDeglane de Lozada, Carol
_eAUT
245 0 _aCuaderno de trabajo de comunicación
260 _c2010
300 _a
_c
650 _aGEN
654 _aCHU
942 _cLIB
_dJUS
_fJUS
_2ddc
_n
999 _c9788
_d9788